Mapa Mundial sin 12 países #2 - Estadísticas

Estadísticas generales
  • Esta prueba ha sido intentada 11.487 veces
  • La puntuación promedio es 9 de 12
Respuestas en el mapa
Las respuestas están codificadas por una escala verde-roja en el mapa de la prueba según el % correcto abajo.
 
Estadísticas de respuestas
Country % Correcto
Panamá
97%
Australia
96%
Portugal
93%
Marruecos
87%
Corea del Norte
85%
Grecia
76%
Armenia
72%
Georgia
72%
Cuba
71%
Vietnam
66%
Islandia
65%
Malasia
64%
No se encontraron pruebas coincidentes
Distribución de puntuación
Porcentaje de gente con cada puntuación
Porcentaje por número respondido
Historial de tus puntuaciones
No has intentado esta prueba.